Der Deutsche Volkserzieher
Elmentve itt :
| Szerző: | |
|---|---|
| Dokumentumtípus: | Cikk |
| Megjelent: |
1937
|
| Sorozat: | A cselekvés iskolája
5 |
| Kulcsszavak: | Neveléstudomány |
| Online Access: | http://acta.bibl.u-szeged.hu/33639 |
| LEADER | 00553nab a2200169 i 4500 | ||
|---|---|---|---|
| 001 | acta33639 | ||
| 005 | 20210722091316.0 | ||
| 008 | 161017s1937 hu o 0|| hun d | ||
| 040 | |a SZTE Egyetemi Kiadványok Repozitórium |b hun | ||
| 041 | |a hun | ||
| 100 | 1 | |a Jármai Vilmos | |
| 245 | 1 | 4 | |a Der Deutsche Volkserzieher |h [elektronikus dokumentum] / |c Jármai Vilmos |
| 260 | |c 1937 | ||
| 300 | |a 284-288 | ||
| 490 | 0 | |a A cselekvés iskolája |v 5 | |
| 695 | |a Neveléstudomány | ||
| 856 | 4 | 0 | |u http://acta.bibl.u-szeged.hu/33639/1/cselekves_005_284-288.pdf |z Dokumentum-elérés |